000 01379cam a22003015a 4500
001 L144756
002 17380
008 080808s2008 xxk f 001 0 eng d
020 _a9781904829799
035 _a(Sirsi) u144756
041 0 _aeng
050 0 4 _a692.5 $2 18
110 2 _aBuilding Cost Information Service
_91096
245 0 0 _aBCIS Dilapidations price book
_b2008
250 _a2nd ed.
260 _aLondon
_bBCIS
_c2008
300 _a278p.
_c21cm.
350 _a175
505 2 _aPart 1: introduction to the price book -- Part 2 - Guidance on using the price book -- Part 3: measured rates -- Part 4: supplementary pricing information
520 _aSupersedes the first edition (ISBN 9781904829799)
520 _aProvides cost data for dilapidations schedules for both residential and non-residential buildings. Aims to save time and minimise disputes associated with costing schedules of dilapidations. Helps in the application of the BCIS Building Maintenance Price Book (E142530), and other estimation price books. Provides supplementary pricing information to help practitioners where changes are needed to reflect local market conditions.
521 _aAdvanced
590 _aKA
651 4 _aUnited Kingdom
_y
690 _aBUILT ENVIRONMENT-BUILDING COSTS
690 _aBUILT ENVIRONMENT-BUILDING SURVEYING-DILAPIDATIONS SURVEYING
942 _n0
999 _c108606
_d108606